以城区卫星图认日本城市 Japan cities by satellite images - Statistics

General Stats
  • This quiz has been taken 23 times
  • The average score is 11 of 24
Answer Stats
Picture Answer % Correct
大阪
93%
横滨
87%
东京
87%
广岛
80%
长崎
73%
神户
67%
京都
60%
名古屋
60%
滨松
53%
北九州
47%
福冈
47%
新潟
47%
和歌山
33%
静冈
33%
青森
33%
札幌
33%
冈山
27%
鹿儿岛
27%
鸟取
27%
松江
27%
函馆
27%
熊本
13%
仙台
13%
秋田
13%
No matching quizzes found
Score Distribution
Percent of People with Each Score
Percentile by Number Answered
Your Score History
You have not taken this quiz